000
00302 a2200145 4500
001
59309
020
_a
8574026727
040
_c
Anchieta - Pituba
240
1
0
_a
Nikolay Rimsky-Korsakov
_l
por
245
1
0
_a
Nikolay Rimsky-Korsakov
300
_a
54
362
0
_a
2005
650
4
_a
Música
942
_c
BK
999
_c
59309
_d
59309